| 000 | 005100000a22001810004500 | ||
|---|---|---|---|
| 003 | LK-CoMWRAF | ||
| 008 | 230817t ||||| |||| 00| 0 eng d | ||
| 040 |
_aLK-CoMWRAF _dLK-CoMWRAF _eLK-CoMWRAF |
||
| 041 | _aeng | ||
| 082 |
_a170 _bABD |
||
| 100 | _aAbdalla, Raqiya Haji Dualeh | ||
| 245 |
_aFemale circumcision and infubulation in Somalia _bA life cycle crisis practised to serve male interests |
||
| 260 |
_b _a _c |
||
| 300 | _ap.179 | ||
| 650 | _aFemale circumcision | ||
| 650 | _aSomalia | ||
| 942 | _cBK | ||
| 999 |
_c3037 _d3037 |
||